Govt. of
Madhya Pradesh

श्री भागवत -सुधासागर ( शुक सागर ) (Record no. 68214)

MARC details
000 -LEADER
fixed length control field 00451nam a22001097a 4500
082 ## - DEWEY DECIMAL CLASSIFICATION NUMBER
Classification number 294
100 ## - MAIN ENTRY--AUTHOR NAME
Personal name गीता प्रेस गोरखपुर
245 ## - TITLE STATEMENT
Title श्री भागवत -सुधासागर ( शुक सागर )
260 ## - PUBLICATION, DISTRIBUTION, ETC. (IMPRINT)
Place of publication गोरखपुर उत्तरप्रदेश
Name of publisher गीता प्रेस गोरखपुर
Year of publication 2025
650 ## - SUBJECT ADDED ENTRY--TOPICAL TERM
Topical Term श्रीभागवत
942 ## - ADDED ENTRY ELEMENTS (KOHA)
Koha item type Books
Holdings
Withdrawn status Lost status Damaged status Not for loan Home library Current library Date acquired Cost, normal purchase price Full call number Accession Number Price effective from Koha item type
        MACL MACL 28/09/2025 450.00 294 DPI003875 28/09/2025 Books